The Cambridge ancient history Volume VII, Part 2 The Rise of Rome to 220 B.C.

Bibliographic Details
Other Authors: Walbank, F. W. (Compiler)
Format: Book
Language:English
PhysicalDescription:xvii, 811 s. ilustr., mp. 24 cm
Published: Cambridge Cambridge University Press [1990]
ISBN:0521234468 (viaz.)
Edition:2nd ed.
Subjects:

MARC

LEADER 00000nam a2200000 a 4500
001 vtls008831992
003 SK-MaSNL
005 20260302091643.0
008 060719s1990 xxka f 001 0 eng
020 |a 0521234468 (viaz.) 
040 |a SNK  |b slo  |c SNK  |e AACR2 
041 0 |a eng 
043 |a e-it--- 
044 |a uk  |c GB 
072 7 |a 94(3)  |x Dejiny krajín starovekého sveta  |2 konspekt 
080 |a 94(3)  |2 2001 
080 |a 94(37)  |2 2001 
080 |a (048.8)  |2 2001 
245 0 4 |a The Cambridge ancient history  |c edited by F. W. Walbank ... [et al.]  |n Volume VII, Part 2  |p The Rise of Rome to 220 B.C. 
246 3 0 |a The Rise of Rome to 220 B.C. 
250 |a 2nd ed. 
260 |a Cambridge  |b Cambridge University Press  |c [1990] 
300 |a xvii, 811 s.  |b ilustr., mp.  |c 24 cm 
500 |a Copyright 1989 
650 0 7 |a dejiny staroveku  |2 SNKPH  |9 71766 
650 0 7 |a Ancient history  |2 SNKPHeng  |9 266553 
651 7 |a Rímska ríša  |2 SNKPH  |9 212347 
651 7 |a Rome  |x history  |2 SNKPHeng  |9 315094 
655 7 |a štúdie  |2 SNKPH  |9 57033 
655 7 |a Studies  |2 SNKPHeng  |9 265573 
700 1 |a Walbank, F. W.  |4 com  |9 714710 
919 |a 0-521-23446-8 
999 |c 1201608  |d 1203538 
952 |t snkCAM/7/2 94(4)  |a SNKUST  |b SNKUST  |y PREZ  |7 0  |p 17A0516662  |o snkIC 133571/7/2  |i snk2006/14271  |8 3  |g 167.07  |0 0  |1 0  |4 0  |d 2006-07-19  |l 0  |r 2025-05-29 00:00:00  |w 2026-02-24